Örökség

Elmentve itt :
Bibliográfiai részletek
Szerző: Trencsényi Imre
Dokumentumtípus: Cikk
Megjelent: 1992
Sorozat:Iskolakultúra 2 No. 20
Kulcsszavak:Népművészeti Egyesület - Magyarország, Népművészet - magyar
Online Access:http://misc.bibl.u-szeged.hu/43437
LEADER 00614nab a2200181 i 4500
001 misc43437
005 20191106141330.0
008 180828s1992 hu o 0|| zxx d
022 |a 1215-5233 
040 |a SZTE Miscellanea Repozitórium  |b hun 
041 |a zxx 
100 1 |a Trencsényi Imre 
245 1 0 |a Örökség  |h [elektronikus dokumentum] /  |c  Trencsényi Imre 
260 |c 1992 
300 |a 70-71 
490 0 |a Iskolakultúra  |v 2 No. 20 
695 |a Népművészeti Egyesület - Magyarország, Népművészet - magyar 
856 4 0 |u http://misc.bibl.u-szeged.hu/43437/1/iskolakultura_1992_020_070-071.pdf  |z Dokumentum-elérés